000 00537nam a2200205 4500
003 OSt
005 20260530115323.0
008 260520b |||||||| |||| 00| 0 spa d
020 _a9688380482
040 _aICI
_bspa
_cICI
_erda
050 _aHD7287.M6
_bC37
100 _eautor
245 _aCartilla Teorico-Practica
264 _bSecretaria de desarrollo urbano y ecología
_c1989
300 _a80 páginas
336 _2rdacontent
_atexto
337 _2rdamedia
_asin medio
338 _2rdacarrier
_avolumen
942 _2lcc
_n1
_cBK
999 _c13871
_d13871